Catálogo
 En Linea

Historia de la literatura alemana / (Registro nro. 24930)

Detalles MARC
000 -CABECERA
campo de control de longitud fija 00802nam a2200229 a 4500
001 - NÚMERO DE CONTROL
campo de control 000025438
005 - FECHA Y HORA DE LA ÚLTIMA TRANSACCIÓN
campo de control 20200930023804.0
008 - DATOS DE LONGITUD FIJA--INFORMACIÓN GENERAL
campo de control de longitud fija 110216s1979 mx r 000 0 spa d
020 ## - NÚMERO INTERNACIONAL ESTÁNDAR DEL LIBRO
Número Internacional Estándar del Libro 9681601777
040 ## - FUENTE DE LA CATALOGACIÓN
Centro catalogador/agencia de origen DO-SdBNP
Lengua de catalogación spa
Centro/agencia transcriptor BNPHU
082 ## - NÚMERO DE LA CLASIFICACIÓN DECIMAL DEWEY
Número de clasificación NNN
Número de documento/Ítem M689h, 1979
049 ## - FONDOS LOCALES (OCLC)
Fondos de biblioteca BNGR
100 1# - ENTRADA PRINCIPAL--NOMBRE DE PERSONA
Nombre de persona Modern, Rodolfo E.
Fechas asociadas al nombre 1922-
9 (RLIN) 52041
245 10 - MENCIÓN DE TÍTULO
Título Historia de la literatura alemana /
Mención de responsabilidad, etc. Rodolfo E. Modern.
250 ## - MENCIÓN DE EDICIÓN
Mención de edición 2a ed.
260 ## - PUBLICACIÓN, DISTRIBUCIÓN, ETC.
Lugar de publicación, distribución, etc. México, D. F. :
Nombre del editor, distribuidor, etc. Fondo de Cultura Económica,
Fecha de publicación, distribución, etc. 1979.
300 ## - DESCRIPCIÓN FÍSICA
Extensión 370, [2] p. ;
Dimensiones 17 cm.
490 1# - MENCIÓN DE SERIE
Mención de serie Breviarios del fondo de cultura económica
Designación de volumen o secuencia 159
500 ## - NOTA GENERAL
Nota general Primera reimpresión de la segunda edición del 1972
500 ## - NOTA GENERAL
Nota general Incluye datos del autor en la solapa y la cubierta
830 #0 - PUNTO DE ACCESO ADICIONAL DE SERIE-TÍTULO UNIFORME
Título uniforme Breviarios del fondo de cultura económica ;
Designación de volumen o secuencia 159
9 (RLIN) 25786
Existencias
Estado de retiro Estado de pérdida Restricciones de uso No para préstamo Código de colección Localización permanente Ubicación/localización actual Ubicación en estantería Fecha de adquisición Número de inventario Total de préstamos Signatura topográfica completa Código de barras Fecha visto por última vez Precio válido a partir de Tipo de ítem Koha
        Monografías: Libros y Folletos General General En catalogación 16.02.2011 LF1   NNN M689h, 1979 25438-10 25.06.2020 25.06.2020 Préstamo en sala

Con tecnología Koha